| 000 | 00522nam a22001817a 4500 | ||
|---|---|---|---|
| 003 | KOHA_MİRAKIL | ||
| 005 | 20260415093612.0 | ||
| 008 | 260415b tu ||||| |||| 00| 0 tur d | ||
| 040 |
_aTR-AnABB _btur _cTR-AnABB |
||
| 041 | _atur | ||
| 082 |
_a915.61 _bDOG 2009 |
||
| 245 | 0 | 0 |
_aDoğu ve Güneydoğu'ya farklı bir bakış / _cGABB |
| 260 |
_aDiyarbakır : _bGABB, _c2009 |
||
| 300 |
_a670 sayfa ; _c18 cm |
||
| 650 | 0 | 4 | _aGezi ve Seyahat, Rehber, Türkiye |
| 650 | 0 | 4 | _aGezi ve seyahat |
| 942 |
_2ddc _cBK |
||
| 999 |
_c10255 _d10255 |
||
| 900 | _bCan ÇELIK | ||